Welcome to CU Library Online Public Access Catalogue (OPAC)

Programming in Visual Basic, version 4.0 / (Record no. 760)

MARC details
000 -LEADER
fixed length control field 00702cam a2200205 a 4500
001 - CONTROL NUMBER
control field 1145136
005 - DATE AND TIME OF LATEST TRANSACTION
control field 20241106194220.0
008 - FIXED-LENGTH DATA ELEMENTS--GENERAL INFORMATION
fixed length control field 950927s1996 ilua 001 0 eng
020 ## - INTERNATIONAL STANDARD BOOK NUMBER
International Standard Book Number 9780697202734
050 00 - LIBRARY OF CONGRESS CALL NUMBER
Classification number QA76.73.B3
Item number B723 1996
082 00 - DEWEY DECIMAL CLASSIFICATION NUMBER
Classification number 005.26/2
Edition information 20
100 1# - MAIN ENTRY--PERSONAL NAME
Personal name Bradley, Julia Case.
245 10 - TITLE STATEMENT
Title Programming in Visual Basic, version 4.0 /
Statement of responsibility, etc. Julia Case Bradley, Anita C. Millspaugh.
260 ## - PUBLICATION, DISTRIBUTION, ETC.
Place of publication, distribution, etc. Boston, Massacchuttes
Name of publisher, distributor, etc. Irwin McGraw-Hill,
Date of publication, distribution, etc. c1996.
300 ## - PHYSICAL DESCRIPTION
Extent xvii, 442 p. :
Other physical details ill. (some col.) ;
Dimensions 28 cm. +
Accompanying material 1 computer disk (3 1/2 in.)
500 ## - GENERAL NOTE
General note Includes index.
650 #0 - SUBJECT ADDED ENTRY--TOPICAL TERM
Topical term or geographic name entry element BASIC (Computer program language)
700 1# - ADDED ENTRY--PERSONAL NAME
Personal name Millspaugh, Anita C.
Fuller form of name (Anita C.)
942 ## - ADDED ENTRY ELEMENTS (KOHA)
Source of classification or shelving scheme Library of Congress Classification
Koha item type Books
Suppress in OPAC No
999 ## -
-- 760
-- 760
Holdings
Withdrawn status Lost status Source of classification or shelving scheme Damaged status Not for loan Collection Home library Current library Shelving location Date acquired Total checkouts Full call number Barcode Date last seen Copy number Price effective from Koha item type
    Library of Congress Classification     Non-fiction Science Library (Miotso) Science Library (Miotso) General stacks 11/06/2024   QA76.73 .B3B723 BRA SLM00000431 11/06/2024 1 11/06/2024 Books
    Library of Congress Classification     Non-fiction Science Library (Miotso) Science Library (Miotso) General stacks 11/06/2024   QA76.73 .B3B723 BRA SLM00000432 11/06/2024 2 11/06/2024 Books
    Library of Congress Classification     Non-fiction Science Library (Miotso) Science Library (Miotso) General stacks 11/06/2024   QA76.73 .B3B723 BRA SLM00000433 11/06/2024 3 11/06/2024 Books
    Library of Congress Classification     Non-fiction Science Library (Miotso) Science Library (Miotso) General stacks 11/06/2024   QA76.73 .B3B723 BRA SLM00000434 11/06/2024 4 11/06/2024 Books
    Library of Congress Classification     Non-fiction Science Library (Miotso) Science Library (Miotso) General stacks 11/06/2024   QA76.73 .B3B723 BRA SLM00000435 11/06/2024 5 11/06/2024 Books
    Library of Congress Classification     Non-fiction Science Library (Miotso) Science Library (Miotso) General stacks 11/06/2024   QA76.73 .B3B723 BRA SLM00000436 11/06/2024 6 11/06/2024 Books
    Library of Congress Classification     Non-fiction Science Library (Miotso) Science Library (Miotso) General stacks 11/06/2024   QA76.73 .B3B723 BRA SLM00000437 11/06/2024 7 11/06/2024 Books
    Library of Congress Classification     Non-fiction Science Library (Miotso) Science Library (Miotso) General stacks 11/06/2024   QA76.73 .B3B723 BRA SLM00000438 11/06/2024 8 11/06/2024 Books
    Library of Congress Classification     Non-fiction Science Library (Miotso) Science Library (Miotso) General stacks 11/06/2024   QA76.73 .B3B723 BRA SLM00000439 11/06/2024 9 11/06/2024 Books
© 2023-2024 Copyright: Central University Libraries. All Rights Reserved | Created by: Mahone Tech Office